Essays on the external policy of India (Record no. 438274)

000 -LEADER
fixed length control field 00341cam a22001217a 4500
008 - FIXED-LENGTH DATA ELEMENTS--GENERAL INFORMATION
fixed length control field 180718b1875 xxu||||| |||| 00| 0 eng d
082 ## - DEWEY DECIMAL CLASSIFICATION NUMBER
Classification number Dx54 W979
100 ## - MAIN ENTRY--PERSONAL NAME
Personal name Wyllie, J. W. S.
245 ## - TITLE STATEMENT
Title Essays on the external policy of India
Statement of responsibility, etc. by J. W. S. Wyllie
260 ## - PUBLICATION, DISTRIBUTION, ETC.
Place of publication, distribution, etc. London
Name of publisher, distributor, etc. Smith
Date of publication, distribution, etc. 1875
300 ## - PHYSICAL DESCRIPTION
Extent 371p.
650 ## - SUBJECT ADDED ENTRY--TOPICAL TERM
Topical term or geographic name entry element External policy - India
Holdings
Withdrawn status Lost status Damaged status Not for loan Permanent Location Current Location Date acquired Full call number Barcode Date last seen Price effective from Koha item type
        Indian Institute of Public Administration Indian Institute of Public Administration 2010-04-07 Dx54 W979 27543 2018-07-21 2018-07-21 Book

Powered by Koha